Kto nie je na webe, akoby nebol...

Návštevnosť ako jeden z faktorov ovplyvňujúcich úspech internetovej stránky firmy. Možnosti zvýšenia návštevnosti webovej stránky. Dôležitosť reklamy. Zaradenie firmy či odkazu na stránku firmy do katalógu vyhľadávača. Pokračovanie článku v nasledujúcom čísle.

Enregistré dans:
Détails bibliographiques
Auteur principal: Miklošík, Andrej
Format: Chapitre de livre
Langue:slovaque
Sujets:
Tags: Ajouter un tag
Pas de tags, Soyez le premier à ajouter un tag!

MARC

LEADER 00000naa$a2200000$$$4500
001 0050431
005 20240502071559.8
041 0 |a slo 
044 |a SK 
245 1 0 |a Kto nie je na webe, akoby nebol...  |c Andrej Miklošík 
520 |a Návštevnosť ako jeden z faktorov ovplyvňujúcich úspech internetovej stránky firmy. Možnosti zvýšenia návštevnosti webovej stránky. Dôležitosť reklamy. Zaradenie firmy či odkazu na stránku firmy do katalógu vyhľadávača. Pokračovanie článku v nasledujúcom čísle. 
610 2 0 |a internet 
610 2 0 |a technológie informačné 
610 2 0 |a technológie komunikačné 
610 2 0 |a počítače 
610 2 0 |a prezentácia firemná 
610 2 0 |a reklama 
100 1 |a Miklošík, Andrej